Ciencias sociales 5 : (Registro nro. 8239)

Detalles MARC
000 -LIDER
fixed length control field 01879nam a2200421 a 4500
001 - NÚMERO DE CONTROL
Identificador de número de control 00007560
003 - IDENTIFICACDOR DE NÚMERO DE CONTROL
control field DO-SdBNP
005 - DATE AND TIME OF LATEST TRANSACTION
control field 20180314095944.0
007 - CAMPOS FIJOS DE DESCRIPCIÓN FÍSICA
fixed length control field 00007560
008 - ELEMENTOS DE LONGITUD FIJA
fixed length control field 150130s2009 dr abc 000 0 spa d
010 ## - NUMERO DE CONTROL DE BIBLIOTECA DEL CONGRESO
LC control number 000021118
020 ## - ISBN
International Standard Book Number 9789945170948
040 ## - FUENTE DE CATALOGACIÓN
Agencia que crea de manera original el registro BPMSU
Idioma de catalogación spa
Agencia que realiza la transcripción BPMSU
092 ## - LOCALLY ASSIGNED DEWEY DECIMAL CALL NUMBER
Número de clasificación 372.83
Número de ítem (Cutter) D632c 5to. 2009
100 1# - ASIENTO PRINCIPAL -- NOMBRE PERSONAL
Nombre personal Dobarro, Clara
245 10 - MENCIÓN DE TITULO
Título Ciencias sociales 5 :
Subtítulo [eduación básica ] /
Mención de responsabilidad Clara Dobarro ; dirección editorial Diana París, Luis Miguel Aguas Vanin
250 ## - MENCIÓN DE EDICION
Mención de edición 2a ed.
260 ## - PUBLICACIÓN, DISTRIBUCIÓN, ETC. (PIE DE IMPRENTA)
Lugar de publicación, distribución, etc Santo Domingo :
Nombre del editor, distribuidor, etc. SM
Fecha de publicación, distribución, etc 2009.
300 ## - DESCRIPCIÓN FÍSICA
Extensión 167 p. :
Otros detalles físicos il., mapa. retrs. ;
Dimensiones 28 cm. +
Material complementario CD-ROM
490 1# - MENCIÓN DE SERIES
Mención de serie Proyecto saber más
490 1# - MENCIÓN DE SERIES
Mención de serie Educación en valores
505 1# - NOTA DE CONTENIDO
Información miscelánea La isla de Santo Domingo y la región del Caribe
Título Santo Domingo y Caribe --
-- Los continentes --
-- Civilizaciones antiguas --
-- La evolución de Europa y África --
-- El viaje de Colón y sus consecuencias --
-- La colonización de América --
-- La organización del territorio americano --
-- La isla de Santo Domingo en los siglos XVII y XVIII --
-- Las migraciones y la población dominicana --
650 #4 - ENCABEZAMIENTO DE MATERIA--TEMÁTICO
Término temático o nombre geográfico como elemento de entrada CIENCIAS SOCIALES
Subdivisión temática general ENSEÑANZA BÁSICA
650 #4 - ENCABEZAMIENTO DE MATERIA--TEMÁTICO
Término temático o nombre geográfico como elemento de entrada CIENCIAS SOCIALES
Subdivisión temática general EDUCACIÓN PRIMARIA
650 #4 - ENCABEZAMIENTO DE MATERIA--TEMÁTICO
Término temático o nombre geográfico como elemento de entrada CIENCIAS SOCIALES
Subdivisión temática general LIBROS DE TEXTOS
650 #4 - ENCABEZAMIENTO DE MATERIA--TEMÁTICO
Término temático o nombre geográfico como elemento de entrada CIENCIAS SOCIALES
Subdivisión temática general ESTUDIOS Y EJERCICIOS
650 #4 - ENCABEZAMIENTO DE MATERIA--TEMÁTICO
Término temático o nombre geográfico como elemento de entrada EDUCACIÓN PRIMARIA
Subdivisión geográfica REPÚBLICA DOMINICANA
700 12 - ASIENTO SECUNDARIO -- NOMBRE PERSONAL
Nombre personal Paris, Diana,
Mención de responsabilidad ed.
700 12 - ASIENTO SECUNDARIO -- NOMBRE PERSONAL
Nombre personal Aguas Vanin, Luis Miguel,
Mención de responsabilidad ed.
830 ## - ASIENTO SECUNDARIO DE SERIE--TÍTULO UNIFORME
Título uniforme Proyecto saber más ;
Nombre de la parte o sección de una obra educación en valores
910 ## - VALIDACIÓN
Validación Validado. Control de calidad MFF
942 ## - ADDED ENTRY ELEMENTS (KOHA)
Source of classification or shelving scheme Dewey Decimal Classification
Koha item type Libros
945 ## - INFORMACIÓN DE PROCESAMIENTO LOCAL
Información de procesamiento local Remanejado para la BNPHU, 2018 / BT
956 ## - LOCAL ELECTRONIC LOCATION AND ACCESS (OCLC)
Nombre de host LOPEREZ
Número de acceso 10
Información de compresión 20100831
Inicio de sesión BND01
Procesador de solicitud 1753
956 ## - LOCAL ELECTRONIC LOCATION AND ACCESS (OCLC)
Nombre de host MFILETO
Número de acceso 10
Información de compresión 20150528
Inicio de sesión BND01
Procesador de solicitud 0927
956 ## - LOCAL ELECTRONIC LOCATION AND ACCESS (OCLC)
Nombre de host VMATEO
Número de acceso 10
Información de compresión 20150827
Inicio de sesión BPMSU
Procesador de solicitud 00151
956 ## - LOCAL ELECTRONIC LOCATION AND ACCESS (OCLC)
Nombre de host LOPEREZ
Número de acceso 10
Información de compresión 20160331
Inicio de sesión BPMSU
Procesador de solicitud 00260
Existencias
Withdrawn status Lost status Source of classification or shelving scheme Damaged status Not for loan Home library Current library Date acquired Source of acquisition Total Checkouts Full call number Barcode Date last seen Price effective from Koha item type
    Dewey Decimal Classification     Biblioteca Pública Metropolitana Salomé Ureña Biblioteca Pública Metropolitana Salomé Ureña 03/31/2016 Donación   373.83 D632c 5to. 2009 BPMSU15080496 08/27/2015 08/27/2015 Libros